| 000 | 00936nam a22001817a 4500 | ||
|---|---|---|---|
| 999 |
_c58712 _d58712 |
||
| 005 | 20220704121750.0 | ||
| 008 | 220704s2002ge xxu||||| |||| 00| 0 ger d | ||
| 020 | _a9783934471290 | ||
| 080 | _a534+007 B-78 | ||
| 100 |
_aBöhringer, Dietmar _914285 |
||
| 245 |
_aTaktile, akustische und optische Informationen im öffentlichen Bereich : _bErfahrungsaustausch mit internationaler Beteiligung, Berlin, 04. bis 06.05.2000, Tagungsbericht / _cDietmar, Böhringer. |
||
| 264 |
_aWürzburg : _bEd. Bentheim, _c2002. |
||
| 300 |
_a145 p.: _bill; _c21 cm. |
||
| 440 |
_aBarrierefrei für Blinde und Sehbehinderte, 1. _914286 |
||
| 653 | _aTaktile, akustische und optische Informationen im öffentlichen Bereich | ||
| 653 | _aტაქტილური, აკუსტიკური და ვიზუალური ინფორმაცია საზოგადოებრივ ადგილებში | ||
| 942 |
_2udc _cBK |
||